000 00599nam a2200217Ia 4500
003 GCL
008 140319s9999 xx 000 0 ara d
040 _aGCL /
_cGCL
082 0 4 _a972.91
_bم ث
100 1 _aموسى صبرى
245 1 0 _aثورة كاسترو /
_cموسى صبرى
300 _a155 ص
490 _a
650 0 4 _aالاتحاد السوفيتى
650 0 4 _aالشيوعية
650 0 4 _aالولايات المتحدة الامريكية
650 0 4 _aالمعسكر الشيوعى
650 0 4 _aكوبا
650 0 4 _aكاسترو , فيدل
942 _2ddc
_cBK
999 _c39409
_d39409